| 000 | 00527nam a22001577a 4500 | ||
|---|---|---|---|
| 003 | macl | ||
| 005 | 20240813145037.0 | ||
| 008 | 181031b xxu||||| |||| 00| 0 eng d | ||
| 040 | _cmacl | ||
| 100 |
_aउपकार _973042 |
||
| 245 | _aमध्य प्रदेश पुलिस आरक्षक भर्ती परीक्षा 54 सॉल्वड पेपर्स 2017 | ||
| 260 |
_aagra _bउपकार _c2018 |
||
| 650 |
_a पुलिस _973118 |
||
| 651 |
_aGK _922312 |
||
| 942 |
_2ddc _cHIN |
||
| 999 |
_c58508 _d58508 |
||